000 00664nam a2200241Ia 4500
999 _c93
_d93
003 0100
008 130227s9999 xx 000 0 und d
040 _cARRUPELIB
050 _aDT764.B2M3
100 _aMarquard, Leopold
_939570
245 4 _aThe Native in South Africa /
250 _a2nd edition
260 _aJohannesburg
_bWitwatersrand University Press
_c1944
300 _aviii
300 _b 105p 18cm
650 _aBantus
_925845
650 _aAfrica, South
_xRace question
_929924
650 _aAfrica, South
_xNative races
_925898
650 _aLabour & labouring classes -
_zAfrica, South
_939571
700 _aLewin, Julius (ed)
_939572
942 _2lcc
_cMONOGRAPH